| 000 | 04734cam a22006014i 4500 | ||
|---|---|---|---|
| 003 | PE-LiUPU | ||
| 005 | 20250731172840.0 | ||
| 008 | 080527s2008 ilua rb 001 0beng d | ||
| 020 |
_a0830828877 _q(pbk. ; _qalk. paper) |
||
| 020 | _a1844743497 | ||
| 020 |
_a9780830828876 _q(pbk. ; _qalk. paper) |
||
| 020 | _a9781844743490 | ||
| 035 | _a(Sirsi) i9780830828876 | ||
| 040 |
_aDLC _bspa _cDLC _dBTCTA _dYDXCP _dC#P _dBWX _dCDX _dHNW _dKAT _dUKM _dOCLCQ _dUKMGB _dBDX _dHNW _dOCLCQ _dOCLCA _dOCLCQ _dOCLCO _dOCLCF _dRCT _dOCLCQ _dPE-LiUPU _erda |
||
| 049 | _aPRUA | ||
| 050 | 0 | 0 |
_aBS2506.3 _b.S35 2008 |
| 082 | 0 | 0 |
_a225.92 _bS29 _222 |
| 100 | 1 |
_aSchnabel, Eckhard J., _eautor. |
|
| 245 | 1 | 0 |
_aPaul the missionary : _brealities, strategies and methods / _cEckhard J. Schnabel. |
| 264 | 1 |
_aDowners Grove, Illinois : _bIVP Academic, _c2008. |
|
| 300 |
_a518 páginas : _bilustraciones ; _c23 centímetros |
||
| 336 |
_atext _2rdacontent |
||
| 337 |
_aunmediated _2rdamedia |
||
| 338 |
_avolume _2rdacarrier |
||
| 504 | _aBibliografía : páginas 459-492. | ||
| 504 | _aÍndice : páginas 493-518. | ||
| 505 | 0 | _aMissionary strategies and methods : defining terms -- The task of missionary work : describing goals -- Missionary methods as a problem : finding solutions -- Descriptive and normative readings : hermeneutical clarifications -- The missionary work of the Apostle Paul -- Paul, Apostle to Jews and Gentiles : conversion and call -- Paul and Jerusalem -- Paul in Arabia, Jerusalem, Cilicia, and Syria -- Paul on Cyprus and in Galatia -- Paul in Macedonia and Achaia -- Paul in the province of Asia -- Paul in Illyricum, Caesarea, Rome, Spain, Crete, and Rome -- The missionary task according to Paul's letters -- The letter to the Galatian Christians -- The letters to the Christians in Macedonia : Thessalonians and Philippians -- The letters to the Christians in Achaia : Corinthians -- The letter to the Christians in the city of Rome -- The letters to the Christians in Asia : Colossians and Ephesians -- The letters to coworkers : Timothy and Titus -- The Apostle as missionary, pastor, and theologian -- The missionary message of the Apostle Paul -- Preaching before Jewish audiences -- Preaching before Gentile audiences -- Explaining the Gospel in civic settings -- Ideological confrontation : the proclamation of Jesus, Messiah, and Kyrios -- Cultural confrontation : the explication of the Gospel -- Pastoral consolidation : encouragement for the followers of Jesus -- Apologetic confrontation : the defense of the Gospel -- The missionary goals of the Apostle Paul -- Preaching the Gospel -- Preaching the Gospel to Jews and to Gentiles -- Geographical movement -- Conversion of individuals -- Establishing communities of followers of Jesus -- Teaching new converts -- Training new missionaries -- The missionary methods of the Apostle Paul -- Cities, regions, and provinces -- Synagogues, marketplaces, lecture halls, workshops, and private houses -- Ethnic identity, class, and culture -- Establishing contact as a public speaker -- The persuasiveness of the message : the problem of rhetoric -- The credibility of the messenger -- Explanations for missionary success -- The task of missionary work in the twenty-first century -- The calling and sending of missionaries -- The content of missionary proclamation -- The proclamation of the Gospel and church planting -- The teaching of the followers of Jesus -- The purpose and the work of the local church -- The challenge of culture -- The power of God. | |
| 526 | _aSEG42 | ||
| 526 | _aSEG41 | ||
| 526 | _aSEG40 | ||
| 526 | _aSEG39 | ||
| 526 | _aP94 | ||
| 526 | _aP87 | ||
| 526 | _aP86 | ||
| 526 | _aP85 | ||
| 526 | _aP77 | ||
| 526 | _aP76 | ||
| 526 | _aP35 | ||
| 600 | 0 | 0 |
_aPablo, _cApostol, Santo. |
| 630 | 0 | 0 |
_aBiblia. _pEpístolas de Pablo _xCrítica e interpretación. |
| 650 | 0 |
_aApóstoles _vBiografía. |
|
| 650 | 0 |
_aMisión _xEnseñanza bíblica. |
|
| 650 | 0 |
_aMisioneros _vBiografía. |
|
| 856 | 4 | 1 |
_3Tabla de contenidos : _uhttp://catdir.loc.gov/catdir/toc/ecip0820/2008022665.html |
| 910 |
_ajck _bjck _cjck _d20160525 |
||
| 942 |
_2ddc _cBOOK |
||
| 949 |
_a225.92 S29 _wDEWEY _c1 _i73115 _d2016-6-6 _e2016-6-1 _lCCODEBUL1 _mBUL _n1 _p17.50 _r0 _sY _tBOOK _u2016-5-25 _xTEOLOGIA _PP85 _0COMPRA _o.STAFF. Posgrado |
||
| 994 |
_aC0 _bPEPRU |
||
| 856 | 4 | 1 |
_3Tabla de contenidos : _uhttp://catdir.loc.gov/catdir/toc/ecip0820/2008022665.html |
| 596 | _a1 | ||
| 999 |
_a225.92 S29 _wDEWEY _c9523 _i73115 _d9523 _e2016-6-1 _f2021-11-9 _g5 _lCCODEBUL1 _mBUL _n1 _p17.50 _q1 _r0 _sY _tBOOK _u2016-5-25 _xTEOLOGIA _PP85 _0COMPRA _o.STAFF. Colección Teología |
||
| 980 |
_81 _gALBERTO SANCHEZ Responsable de Automatización |
||